000
00284cam a22001097a 4500
008
180718b1946 xxu||||| |||| 00| 0 eng d
082
_a
J703 x42 Un3 46
245
_a
New Towns act, 1946
_c
By HMSO
260
_a
London
_b
HMSO
_c
1946
300
_a
45p.
650
_a
City planning -- Scotland
999
_c
415914
_d
415914